000 00281nam a2200133Ia 4500
100 _aLancaster/J.F
942 _cBK
654 _aMetallurgy
245 _aMetallurgy of Welding
260 _bGeorge Allen
_aLondon
_c1974
082 _a671.5
300 _a303
546 _aENGLISH
999 _c31036
_d31036